000 00363nam a2200145Ia 4500
008 210210b1995 xxu||||| |||| 00| 0 eng d
082 _a915.404K SVAK
100 _aSVAMI (Bi Es).
245 _aKanyakumariyinda Kashmiradavarege.
260 _aBengaluru
_bGitanjali Prakashana
_c1995
300 _a241
650 _aIndia
690 _aTravel
906 _a052636
999 _c101035
_d101035